[Event "Parana-ch"]
[Site "Paranavai"]
[Date "2009.01.30"]
[Round "6"]
[White "Osipi, Jair"]
[Black "Cruz, Michael"]
[Result "1-0"]
[WhiteElo "2282"]
[BlackElo "2100"]
[PlyCount "89"]
[EventDate "2009.01.27"]
[EventType "swiss"]
[EventRounds "9"]
[EventCountry "BRA"]
[SourceTitle "EXT 2012"]
[Source "ChessBase"]
[SourceDate "2011.11.24"]
[SourceVersion "1"]
[SourceVersionDate "2011.11.24"]
[SourceQuality "1"]

1. d4 Nf6 2. c4 c6 3. Nf3 b5 4. cxb5 cxb5 5. Qb3 a6 6. a4 bxa4 7. Rxa4 e6 8. Bf4 d6 9. Nc3 Bd7 10. Ra1 Bc6 11. e3 Nd5 12. Bg3 Qb6 13. Nd2 a5 14. Nxd5 Qxb3 15. Nxb3 Bxd5 16. Rxa5 Rxa5 17. Nxa5 Be7 18. Nc4 Kd7 19. Nb6+ Kc6 20. Nxd5 Kxd5 21. b3 Kc6 22. Bd3 Kb6 23. Kd2 Nc6 24. Ra1 Nb4 25. Bb1 Rc8 26. f3 h6 27. Bf2 d5 28. Be1 Bf6 29. Kd1 Nc6 30. Bc3 Be7 31. Ra4 f6 32. Bd3 e5 33. Kd2 Rb8 34. b4 exd4 35. exd4 Na7 36. Ra6+ Kb7 37. Re6 Bd8 38. Rd6 Bb6 39. Rd7+ Kc6 40. Rxg7 Nb5 41. Rf7 Bd8 42. Bxb5+ Kxb5 43. Kd3 Rc8 44. Rf8 Kb6 45. Rh8 1-0

[Event "Parana-ch"]
[Site "Paranavai"]
[Date "2009.01.29"]
[Round "5"]
[White "Cruz, Michael"]
[Black "Yano, William Jorge Froes"]
[Result "1-0"]
[WhiteElo "2100"]
[BlackElo "2161"]
[PlyCount "75"]
[EventDate "2009.01.27"]
[EventType "swiss"]
[EventRounds "9"]
[EventCountry "BRA"]
[SourceTitle "EXT 2012"]
[Source "ChessBase"]
[SourceDate "2011.11.24"]
[SourceVersion "1"]
[SourceVersionDate "2011.11.24"]
[SourceQuality "1"]

1. e4 e6 2. d4 d5 3. exd5 exd5 4. Bd3 Bd6 5. Ne2 Ne7 6. b3 Nbc6 7. a3 Bf5 8. Bb2 0-0 9. 0-0 Qd7 10. c4 Ng6 11. Nbc3 dxc4 12. Bxf5 Qxf5 13. bxc4 Qh5 14. Ng3 Qh4 15. c5 Bf4 16. Nce2 Rad8 17. Qb3 Nce7 18. Rad1 b6 19. h3 Rd5 20. Rfe1 Rg5 21. Nxf4 Qxf4 22. Bc1 Qh4 23. Bxg5 Qxg5 24. cxb6 axb6 25. d5 Nf4 26. d6 cxd6 27. Rxd6 Nf5 28. Rxb6 Nh4 29. Rb8 g6 30. Rxf8+ Kxf8 31. Qb8+ Kg7 32. Qe5+ Qxe5 33. Rxe5 Nf3+ 34. Kf1 Nh4 35. Kg1 Nxh3+ 36. Kf1 Nf4 37. a4 Nd3 38. Rb5 1-0

[Event "Parana-ch"]
[Site "Foz do Iguacu"]
[Date "2008.01.25"]
[Round "5"]
[White "Cruz, Michael"]
[Black "Piekarski, Atila Balzer"]
[Result "0-1"]
[WhiteElo "2100"]
[BlackElo "1821"]
[PlyCount "66"]
[EventDate "2008.01.23"]
[EventType "swiss"]
[EventRounds "9"]
[EventCountry "BRA"]
[SourceTitle "EXT 2010"]
[Source "ChessBase"]
[SourceDate "2010.11.25"]
[SourceVersion "1"]
[SourceVersionDate "2010.11.25"]
[SourceQuality "1"]

1. e4 c5 2. Nf3 e6 3. d4 cxd4 4. Nxd4 a6 5. Nc3 Qc7 6. Bd3 Nc6 7. Nb3 b5 8. 0-0 Nge7 9. Be3 g6 10. Ne2 Bg7 11. c4 bxc4 12. Bxc4 Ne5 13. Bd3 Nxd3 14. Qxd3 Bxb2 15. Rab1 Be5 16. f4 Qd6 17. Qc2 Bg7 18. Rfd1 Qc6 19. Qd3 d5 20. e5 a5 21. Nc5 0-0 22. Rdc1 Nf5 23. Nd4 Nxd4 24. Qxd4 Qe8 25. Nb7 Qd7 26. Qb6 Rb8 27. Rc7 Qa4 28. Qa7 Qxa2 29. Rbc1 Rxb7 30. Rxc8 Rxa7 31. Bxa7 Rxc8 32. Rxc8+ Bf8 33. Bc5 Qb1+ 0-1

[Event "Parana-ch"]
[Site "Foz do Iguacu"]
[Date "2008.01.23"]
[Round "1"]
[White "Cruz, Michael"]
[Black "Grellmann, Fabricio Stadler"]
[Result "1/2-1/2"]
[WhiteElo "2100"]
[BlackElo "1820"]
[PlyCount "90"]
[EventDate "2008.01.23"]
[EventType "swiss"]
[EventRounds "9"]
[EventCountry "BRA"]
[SourceTitle "EXT 2010"]
[Source "ChessBase"]
[SourceDate "2010.11.25"]
[SourceVersion "1"]
[SourceVersionDate "2010.11.25"]
[SourceQuality "1"]

1. e4 c5 2. Nf3 g6 3. Bc4 Bg7 4. 0-0 Nc6 5. c3 e6 6. Re1 Nge7 7. d4 cxd4 8. cxd4 d5 9. exd5 Nxd5 10. Nc3 Nb6 11. Bb5 0-0 12. Bxc6 bxc6 13. Bf4 Nd5 14. Bg3 Nxc3 15. bxc3 c5 16. Be5 cxd4 17. Bxd4 Bb7 18. Bxg7 Kxg7 19. Qe2 Qa5 20. Rab1 Bxf3 21. Qxf3 Qxa2 22. Qf4 Qd5 23. Rbd1 Qc5 24. c4 Rfd8 25. Rc1 Rac8 26. Ra1 Rd4 27. Qe3 Rc7 28. Rec1 Rxc4 29. Rxc4 Qxc4 30. h3 a6 31. Qa3 Qb5 32. Qd6 Rd7 33. Qf4 a5 34. Qc1 a4 35. Qc2 Qb3 36. Qe2 a3 37. Qe5+ f6 38. Qa5 Rd1+ 39. Rxd1 Qxd1+ 40. Kh2 Qa1 41. Qa7+ Kh6 42. Qe3+ g5 43. f4 gxf4 44. Qxf4+ Kg6 45. Qe4+ Kg5 1/2-1/2

[Event "Imre Konig Memorial g/45"]
[Site "San Francisco"]
[Date "2006.04.15"]
[Round "4"]
[White "Krubnik, Ewelina"]
[Black "Cruz, Michael"]
[Result "1-0"]
[WhiteElo "1768"]
[BlackElo "1882"]
[PlyCount "64"]
[EventDate "2006.04.15"]
[EventType "swiss (rapid)"]
[EventRounds "5"]
[EventCountry "USA"]
[SourceTitle "EXT 2007"]
[Source "ChessBase"]
[SourceDate "2006.11.23"]
[SourceVersion "1"]
[SourceVersionDate "2006.11.23"]
[SourceQuality "1"]

1. d4 d5 2. c4 e6 3. Nc3 c5 4. e3 Nf6 5. Nf3 Nc6 6. dxc5 Bxc5 7. cxd5 exd5 8. Be2 0-0 9. 0-0 Bg4 10. Nb5 a6 11. Nbd4 Re8 12. a3 Qb6 13. b4 Nxd4 14. bxc5 Nxe2+ 15. Qxe2 Qxc5 16. Bb2 Rac8 17. Rfc1 Qb6 18. Bd4 Rxc1+ 19. Rxc1 Qb3 20. Qb2 Qxb2 21. Bxb2 Ne4 22. h3 Bxf3 23. gxf3 Nd2 24. Kg2 Nc4 25. Rb1 b5 26. Bc1 f5 27. Rb3 Kf7 28. Rd3 Ke6 29. Rd4 Kd6 30. Kf1 Kc5 31. Ke2 Re6 32. Rh4 h6 1-0

[Event "Tarbes op 11th"]
[Site "Tarbes"]
[Date "2003.04.19"]
[Round "1"]
[White "Mohtaji, Javad"]
[Black "Cruz, Michael"]
[Result "0-1"]
[WhiteElo "2048"]
[BlackElo "2100"]
[PlyCount "84"]
[EventDate "2003.04.19"]
[EventType "swiss"]
[EventRounds "9"]
[EventCountry "FRA"]
[SourceTitle "EXT 2004"]
[Source "ChessBase"]
[SourceDate "2003.11.25"]
[SourceVersion "1"]
[SourceVersionDate "2003.11.25"]
[SourceQuality "1"]

1. e4 d6 2. d4 Nf6 3. Nc3 g6 4. h3 Bg7 5. Be3 0-0 6. f4 c6 7. Nf3 Nbd7 8. Bd3 b5 9. 0-0 a6 10. Qd2 Bb7 11. f5 c5 12. e5 dxe5 13. dxe5 Nd5 14. Nxd5 Bxd5 15. Bh6 Bxf3 16. Bxg7 Kxg7 17. Rxf3 Nxe5 18. Rf2 Qd4 19. Raf1 Rad8 20. Qg5 Nxd3 21. cxd3 f6 22. Qc1 g5 23. Kh1 Rd5 24. Re2 Re5 25. Rxe5 Qxe5 26. Re1 Qd6 27. Re6 Qc7 28. Qe3 Kf7 29. Rxa6 Rd8 30. Qe6+ Kf8 31. Qe4 Rd6 32. Ra8+ Kf7 33. Qf3 Rd8 34. Ra3 b4 35. Rb3 Rd4 36. g3 Qd6 37. a3 c4 38. Rxb4 Rxd3 39. Qe4 Rd1+ 40. Kg2 Qd2+ 41. Kf3 Rf1+ 42. Kg4 Qd1+ 0-1